Company Mascot Blitz Quiz Stats

 Plays Quiz Updated Aug 2, 2017

Support Sporcle.
Go Orange.
Score 0/16 Timer 01:00
5 Plays Today
% Correct
Ronald McDonald
95.2%
Mickey Mouse
95%
Mario
94.8%
Trix Rabbit
94.4%
Aflac Duck
94.2%
Michelin Man
93.2%
Captain Morgan
90.7%
Joe Camel
89.8%
% Correct
Mr. Clean
89.6%
Flo
87.1%
The Most Interesting
Man in the World
86.3%
Jake from StateFarm
84.7%
Jeeves
82.8%
Rich Uncle Penny Bags
82.6%
Geoffrey
71.3%
Speedy
70%

You're not logged in!

Compare scores with friends on all Sporcle quizzes.
OR
Log In
Forgot?

From the Vault

Best Picture Nominees A-Z

by ghcgh

Though we may not have picked the best picture from the best picture.
Remove Ads.
Support Sporcle.
Get the best of Sporcle when you Go Orange. This ad-free experience offers more features, more stats, and more fun while also helping to support Sporcle. Thank you for becoming a member.

Show Comments

Extras

Top Quizzes Today


Score Distribution

Your Account Isn't Verified!

In order to create a playlist on Sporcle, you need to verify the email address you used during registration. Go to your Sporcle Settings to finish the process.

Report this User

Report this user for behavior that violates our Community Guidelines.

Details: